Systém hospodářských závazků v investiční výstavbě SPEV II-5/6.4-6. problémový okruh
Salvato in:
| Autore principale: | |
|---|---|
| Natura: | Libro |
| Lingua: | ceco |
| Pubblicazione: |
Praha
Ústav hospodářského práva
1979
|
| Serie: | Výzkumné práce
č. 70 |
| Tags: |
Nessun Tag, puoi essere il primo ad aggiungerne!!
|
MARC
| LEADER | 00000nam a2200000 4500 | ||
|---|---|---|---|
| 001 | c140323 | ||
| 005 | 20041019155318.5 | ||
| 041 | 0 | |a cze | |
| 044 | |a CZ | ||
| 245 | 1 | 0 | |a Systém hospodářských závazků v investiční výstavbě |b SPEV II-5/6.4-6. problémový okruh |c Milan Čáp |
| 264 | 1 | |a Praha |b Ústav hospodářského práva |c 1979 | |
| 300 | |a 133 s. | ||
| 490 | 1 | |a Výzkumné práce |v č. 70 | |
| 830 | 0 | |a Výzkumné práce |v č. 70 | |
| 100 | 1 | |a Čáp, Milan | |